00369nam a2200145Ia 4500003000400000008004100004040001600045082001600061100001700077245003900094700001700133260004100150300001000191650002200201GCL140319s9999 xx 000 0 eng d aGCL / cGCL04a530.12bD G1 aDAVIES, PAUL10aQUANTUM MECHANICS / cDAVIES, PAUL1 aBETTS, DAVID a[S.N] : bCHAPMAN AND HALL ، c1994 a178 P04aQUANTUM MECHANICS